| 000 | 01038nam0a2200277 4500 | ||
|---|---|---|---|
| 001 | RU\NLR\bibl\865193 | ||
| 005 | 20250614160253.0 | ||
| 021 |
_aRU _b2005-60766 _92981 |
||
| 035 | _a(NLR Aleph) 000853849 | ||
| 090 |
_a1497047 _c1497047 |
||
| 100 | _a20051102d2004 |||y0rusy50 ca | ||
| 101 | 1 |
_arus _ceng |
|
| 102 | _aRU | ||
| 105 | _aac ||||||||| | ||
| 200 | 1 |
_aКерамика своими руками _eистория, материалы, оборудование, техника изготовления _f[Чаварра Хоаким _gпер. с англ. Т. Зверевич] |
|
| 210 |
_aМосква _cМой Мир _d2004 |
||
| 215 |
_a191 с. _cцв. ил., портр. _d30 |
||
| 225 | 1 | _aЭнциклопедия мастера | |
| 606 | 1 |
_aКерамика _xТехника _91285716 _3RU\NLR\auth\66530854 |
|
| 686 | _aЩ125.108.0 | ||
| 700 | 1 |
_aЧаварра _bХ. _gХоаким _4070 |
|
| 801 | 0 |
_aRU _bNLR _c20051102 _grcr |
|
| 801 | 1 |
_aRU _bNLR _c20051102 |
|
| 942 | _cBOOK | ||
| 980 | _aNB | ||